01869nam a2200289 a 4500001001000000005001700010008004100027041000800068044000700076084001900083100004500102245009500147260003600242300002200278500030000300500023500600500035100835500003701186500000901223650005201232650005601284650003401340650004501374700005001419700006001469740005001529BRCA_247120190320203826.0201108s1833----mx-a---###---#000-0#spa-u aspa amx a110b.A74 18331 aCervantes Saavedra, Miguel ded1547-161610aEl Ingenioso Hidalgo Don Quijote de la Manchaccompuesto por Miguel de Cervantes Saavedra. aMexicobMariano Arévaloc1833 a5 v.bil.c16 cm. aContenido : v 1. Primera parte. Retrato de Cervantes. Análisis del Quijote por V. de los Ríos. Dedicatoria del autor. Prólogo del autor. Versos preliminares. Texto. -- v 2. Texto. -- v 3. Texto. Segunda parte. Dedicatoria del autor. Prólogo del autor. Texto. -- v 4. Texto. -- v 5. Texto aEdición : Primera edición mejicana conforme a la Real Academia, hecha en Madrid en 1782. Además del análisis de dicha Academia, se han añadido las notas críticas y curiosas del señor Pellicer y con hermosas láminas aComo lo índica el título se trata de la primera edición mejicana, copia de la Academia Española de 1782. Contiene, además, el Análisis de V. de los Ríos, las Notas de Pellicer, e ilustraciones de la mencionada edición académica. Edición impresa en buen papel y tipo de letra. Lomos y tapas con adornos dorados Lúdovik Osterc aCon ex-libris de : Jesús Río aQM9214aNovela españolayÉpoca clásica, 1500-170014aLiteratura españolayÉpoca clásica, 1500-170014aNovela españolaySiglo XVII14aDon Quijote (Personaje ficticio)eNovela1 aRíos, Vicente de losd1732-1779eBiógrafo1 aPellicer y Pilares, Juan Antoniod1738-1806eBiógrafo0 aEl Ingenioso Hidalgo Don Quijote de la Mancha